[Event "COL-ch sf"]
[Site "Pereira"]
[Date "2024.03.26"]
[Round "2"]
[White "Valencia Escobar, Dario"]
[Black "Villada Londono, Thomas"]
[Result "1-0"]
[WhiteElo "1821"]
[BlackElo "1500"]
[PlyCount "55"]
[EventDate "2024.03.26"]
[EventType "swiss"]
[EventRounds "11"]
[EventCountry "COL"]
[SourceTitle "CB14_2024"]
[SourceDate "2024.04.01"]
[SourceVersion "1"]
[SourceVersionDate "2024.04.01"]
[SourceQuality "1"]

1. e4 e5 2. Bc4 Nf6 3. Nf3 Nxe4 4. Nc3 Nxc3 5. dxc3 Bc5 6. Bxf7+ Kxf7 7. Qd5+ Kf8 8. Qxc5+ d6 9. Qc4 Nc6 10. 0-0 Qf6 11. Ng5 Ke7 12. f4 Be6 13. Qb5 Rab8 14. Nxe6 Qxe6 15. fxe5 Qxe5 16. Bg5+ Kd7 17. Rf7+ Kc8 18. Qxe5 Nxe5 19. Rxg7 b6 20. Rd1 Kb7 21. Rxd6 Rbe8 22. Bf4 Kb8 23. Rd5 Nc4 24. Rxc7 Re1+ 25. Kf2 Rc1 26. Rxh7+ Kc8 27. Rxh8+ Kb7 28. Bxc1 1-0

[Event "Medellin de La Raza U2000 op"]
[Site "Medellin"]
[Date "2023.10.15"]
[Round "6"]
[White "Valencia Escobar, Dario"]
[Black "Suarez Flores, Jacobo"]
[Result "1-0"]
[WhiteElo "1753"]
[BlackElo "1445"]
[PlyCount "29"]
[EventDate "2023.10.12"]
[EventType "swiss"]
[EventRounds "9"]
[EventCountry "COL"]
[SourceTitle "Mega2024 Update 01"]
[Source "Chessbase"]
[SourceDate "2023.11.12"]
[SourceVersion "1"]
[SourceVersionDate "2023.11.12"]
[SourceQuality "1"]

1. e4 c6 2. d4 d5 3. f3 dxe4 4. fxe4 e5 5. Nf3 exd4 6. Bc4 Nf6 7. 0-0 Be6 8. Bxe6 fxe6 9. e5 Nd5 10. Nxd4 Bc5 11. Kh1 Bxd4 12. Qxd4 Qb6 13. Qg4 Qc7 14. Qxe6+ Qe7 15. Qc8+ 1-0

[Event "Medellin de La Raza U2000 op"]
[Site "Medellin"]
[Date "2023.10.13"]
[Round "3"]
[White "Morales Perez, Ghisell Gabriela"]
[Black "Valencia Escobar, Dario"]
[Result "1-0"]
[WhiteElo "1447"]
[BlackElo "1753"]
[PlyCount "84"]
[EventDate "2023.10.12"]
[EventType "swiss"]
[EventRounds "9"]
[EventCountry "COL"]
[SourceTitle "Mega2024 Update 01"]
[Source "Chessbase"]
[SourceDate "2023.11.12"]
[SourceVersion "1"]
[SourceVersionDate "2023.11.12"]
[SourceQuality "1"]

1. e4 c5 2. d4 cxd4 3. c3 Nf6 4. e5 Nd5 5. cxd4 e6 6. Nc3 Nxc3 7. bxc3 Qc7 8. Bd2 b6 9. Nf3 Bb7 10. Bd3 d6 11. 0-0 dxe5 12. Nxe5 Nd7 13. Bb5 0-0-0 14. Nxf7 Bd6 15. f4 Rdf8 16. Nxh8 Rxh8 17. Qe2 Nf6 18. Ba6 Re8 19. Bxb7+ Qxb7 20. a4 a5 21. Rfe1 Nd5 22. f5 Nc7 23. fxe6 Qd5 24. Qg4 h5 25. Qg6 Re7 26. Bg5 Rxe6 27. Rxe6 Nxe6 28. Qe8+ Kb7 29. Be3 Qe4 30. Bf2 Qd5 31. Qf7+ Ka6 32. Re1 Nf4 33. Qxd5 Nxd5 34. Re6 Bf4 35. c4 Nc3 36. d5 Nxa4 37. c5 Kb7 38. cxb6 g5 39. g3 Bd2 40. Re7+ Kb8 41. Bd4 Bb4 42. Be5+ Kc8 1-0

[Event "Medellin de La Raza U2000 op"]
[Site "Medellin"]
[Date "2023.10.12"]
[Round "1"]
[White "Luna Barrios, Fabian"]
[Black "Valencia Escobar, Dario"]
[Result "0-1"]
[WhiteElo "1295"]
[BlackElo "1753"]
[PlyCount "71"]
[EventDate "2023.10.12"]
[EventType "swiss"]
[EventRounds "9"]
[EventCountry "COL"]
[SourceTitle "Mega2024 Update 01"]
[Source "Chessbase"]
[SourceDate "2023.11.12"]
[SourceVersion "1"]
[SourceVersionDate "2023.11.12"]
[SourceQuality "1"]

1. d4 d5 2. c4 dxc4 3. Nc3 e6 4. e3 Nf6 5. Bxc4 c5 6. Nf3 a6 7. 0-0 b5 8. Be2 Bb7 9. b3 Nbd7 10. Bb2 Be7 11. Rc1 0-0 12. Qd3 Qb6 13. dxc5 Nxc5 14. Qb1 Rfd8 15. Nd4 Rac8 16. Bf3 Bxf3 17. Nxf3 Nd3 18. Rcd1 Nxb2 19. Rxd8+ Qxd8 20. Qxb2 Qc7 21. Rc1 Qa5 22. Ne2 Rxc1+ 23. Qxc1 Qxa2 24. Qc8+ Bf8 25. Nfd4 e5 26. Nf5 g6 27. Nfg3 Qxb3 28. Qxa6 Qd1+ 29. Nf1 Qxe2 30. Qxf6 e4 31. h3 b4 32. Ng3 Qd1+ 33. Kh2 Bd6 34. f4 exf3 35. Qxf3 Qxf3 36. gxf3 0-1

[Event "Sabaneta op-B 2nd"]
[Site "Sabaneta Antioquia"]
[Date "2023.06.30"]
[Round "4"]
[White "Hoyos Campuzano, Efrain"]
[Black "Valencia Escobar, Dario"]
[Result "0-1"]
[WhiteElo "1734"]
[BlackElo "1854"]
[PlyCount "94"]
[EventDate "2023.06.28"]
[EventType "swiss"]
[EventRounds "9"]
[EventCountry "COL"]
[SourceTitle "EXT 2024"]
[Source "ChessBase"]
[SourceDate "2023.10.10"]
[SourceVersion "1"]
[SourceVersionDate "2023.10.10"]
[SourceQuality "1"]

1. e4 c5 2. Nf3 g6 3. c3 d5 4. exd5 Qxd5 5. Na3 a6 6. Be2 Nf6 7. 0-0 Bg7 8. Nc4 Nbd7 9. d4 cxd4 10. cxd4 0-0 11. Nfe5 Qe6 12. f4 Nxe5 13. fxe5 Nd5 14. Bf3 Rd8 15. Qb3 b5 16. Ne3 Bb7 17. Nxd5 Bxd5 18. Bxd5 Qxd5 19. Qxd5 Rxd5 20. Be3 f6 21. exf6 Bxf6 22. Rfe1 Rad8 23. Kf2 Kf7 24. Rac1 Bxd4 25. Bxd4 Rxd4 26. Rc7 Rd2+ 27. Re2 Rxe2+ 28. Kxe2 Rd6 29. h3 h5 30. Ra7 Kf6 31. b3 h4 32. Ra8 Ke5 33. Ra7 Rc6 34. Kd2 Kf6 35. a3 g5 36. b4 Re6 37. Ra8 Ke5 38. Rg8 Kf4 39. Kd3 Re3+ 40. Kd4 e5+ 41. Kd5 Rd3+ 42. Kc6 e4 43. Rf8+ Kg3 44. Rf5 Kxg2 45. Rxg5+ Kxh3 46. a4 bxa4 47. Kb6 e3 0-1